Election of 1844 Trivia - Statistics

General Stats
  • This quiz has been taken 25 times
  • The average score is 15 of 18
Answer Stats
Hint Answer % Correct
Their home state Kentucky
100%
Mexican Secession
100%
The victor completed all of his campaign promises (and in just one term) how many other presidents have done this None
100%
Their home state Tennessee
100%
State with the smallest margin (0.10%) Tennessee
100%
Texas
100%
Their party Democrat
94%
How many times did the loser unsuccessfully run for president Five
94%
Opponent Henry Clay
94%
Victor James K Polk
94%
Their party Whig
94%
After the election many supporters of the loser made allegations of________ _____ Election Fraud
81%
Major third party Liberty
81%
Their running mate George M Dallas
75%
What three major territories did the victor annex Oregon Territory
75%
State with the largest margin (26%) Arkansas
63%
Their running mate Theodore Frelinghuysen
44%
What famous saying about america was made true by the victor of this election(later the name sake for a Johnny Cash song) From sea to shining sea
25%
No matching quizzes found
Score Distribution
Percent of People with Each Score
Percentile by Number Answered
Your Score History
You have not taken this quiz